Statistics for Anagrams - UK Cities

Click here to take the quiz!

General Stats

  • This quiz has been taken 25,601 times
  • The average score is 18 of 30

Answer Stats

Hint Answer % Correct
DonnolLondon
96%
KoryYork
90%
RiffcadCardiff
88%
FoxrodOxford
88%
AwesansSwansea
84%
EdselLeeds
82%
HammingribBirmingham
82%
EvilloproLiverpool
81%
NectarmeshManchester
78%
SwaglogGlasgow
77%
DrabfordBradford
77%
HedigburnEdinburgh
73%
BatselfBelfast
72%
ByredDerby
62%
MacbigredCambridge
57%
NaebreedAberdeen
57%
EnddueDundee
56%
LancestewNewcastle
56%
OrbsiltBristol
55%
FishedelfSheffield
53%
HotlumpyPlymouth
50%
LaddernunsSunderland
43%
PhantomoustSouthampton
43%
SecretlieLeicester
42%
CornyvetCoventry
40%
StreponPreston
38%
GiantmonthNottingham
37%
WentproNewport
27%
CellarisCarlisle
19%
RubnilsLisburn
13%

Score Distribution

Percentile by Number Answered

Percent of People with Each Score

Your Score History

You have not taken this quiz